| 000 | 00902cam a2200253 i 4500 | ||
|---|---|---|---|
| 003 | SA-RiAUC | ||
| 005 | 20260317131106.0 | ||
| 008 | 260117s1937 ua g 00000 ara c | ||
| 040 |
_aSA-RiAUC _bara _cSA-RiAUC _erda |
||
| 082 | 0 | 4 | _a267 |
| 090 |
_aم ن 267 _bح م د |
||
| 100 | 1 |
_aحمد الخطابي، حمد بن محمد بن إبراهيم، _d319-388 هجري _eمؤلف. |
|
| 245 | 1 | 2 |
_aالعزلة / _cحمد بن محمد الخطابي. |
| 264 | 1 |
_aالقاهرة : _bلجنة الشبيبة السورية، _c1937 |
|
| 300 |
_a103 صفحة ؛ _c29 سم |
||
| 336 |
_aنص _btxt _2rdacontent _3كتاب |
||
| 337 |
_aبدون وسيط _bn _2rdamedia |
||
| 338 |
_aمجلد _bnc _2rdacarrier |
||
| 650 | 7 |
_aالوعظ والإرشاد _2aucsh |
|
| 653 | _aالديانات | ||
| 899 | _aالنوادر | ||
| 942 |
_2ddc _cRBOOK COPY _n0 |
||
| 949 |
_aSA-JeALM _d260117 _umohamedma123 _n1 |
||
| 999 |
_c14673 _d14673 |
||